| 000 | 00370nam a2200145Ia 4500 | ||
|---|---|---|---|
| 999 |
_c11317 _d11317 |
||
| 082 | _aTM.0096 | ||
| 100 | _aMandal, Bipin Bihari | ||
| 245 | 0 | _aCaste and occupational mobility | |
| 260 |
_c1970 _bUniversity of Patna |
||
| 300 | _a288p. + C D - 40 | ||
| 650 | _aCASTE - BIHAR | ||
| 650 | _aOCCUPATIONAL MOBILITY - BIHAR | ||
| 710 | _aSachchidananda | ||
| 942 |
_cTH _2ddc |
||